000
00328nam a22001457a 4500
003
SGT
082
_a
617.6342
_b
A95S
100
_a
Sturdevant, C. M.
245
_a
The Art & Science of Operative Dentistry
250
_a
3rd Ed.
260
_b
Mosby
_c
1995
300
_a
824
650
_a
Operative Dentistry
942
_2
ddc
_c
RARE
999
_c
33256
_d
33256